Advanced graphics programming using OpenGL /(E BOOK) (Record no. 209695)

000 -LEADER
fixed length control field 00654 a2200217 4500
003 - CONTROL NUMBER IDENTIFIER
control field Nust
005 - DATE AND TIME OF LATEST TRANSACTION
control field 20170207164714.0
020 ## - INTERNATIONAL STANDARD BOOK NUMBER
International Standard Book Number 1-55860-659-9 (pbk.) :
035 ## - SYSTEM CONTROL NUMBER
System control number (Uk)013069726
040 ## - CATALOGING SOURCE
Transcribing agency Nust
082 04 - DEWEY DECIMAL CLASSIFICATION NUMBER
Classification number 006.693
100 1# - MAIN ENTRY--PERSONAL NAME
Personal name McReynolds, Tom
245 10 - TITLE STATEMENT
Title Advanced graphics programming using OpenGL /(E BOOK)
Statement of responsibility, etc. Tom McReynolds, David Blythe
260 ## - PUBLICATION, DISTRIBUTION, ETC.
Place of publication, distribution, etc. San Francisco, Calif. :
Name of publisher, distributor, etc. Morgan Kaufmann,
Date of publication, distribution, etc. cop. 2005
300 ## - PHYSICAL DESCRIPTION
Extent xxviii, 644 s. :
440 #4 - SERIES STATEMENT/ADDED ENTRY--TITLE
Title The Morgan Kaufmann series in computer graphics and geometric modeling
500 ## - GENERAL NOTE
General note E Book
650 #7 - SUBJECT ADDED ENTRY--TOPICAL TERM
Topical term or geographic name entry element Computer graphics
650 #7 - SUBJECT ADDED ENTRY--TOPICAL TERM
Topical term or geographic name entry element Datorgrafik
700 1# - ADDED ENTRY--PERSONAL NAME
Personal name Blythe, David,
Dates associated with a name 1961-
942 ## - ADDED ENTRY ELEMENTS (KOHA)
Source of classification or shelving scheme
Koha item type Book
Holdings
Withdrawn status Lost status Source of classification or shelving scheme Damaged status Not for loan Collection code Permanent Location Current Location Date acquired Total Checkouts Full call number Barcode Date last seen Price effective from Koha item type
            Military College of Signals (MCS) Military College of Signals (MCS) 12/12/2016   006.693 MCSEB-1465 12/08/2016 12/12/2016 Book
© 2023 Central Library, National University of Sciences and Technology. All Rights Reserved.